000 00721nam a2200205Ia 4500
003 OSt
005 20250927102126.0
008 210210b1986 xxu||||| |||| 00| 0 eng d
040 _cAL
041 _aKannada
082 _a398.2K RAVM
100 _aRAV (H B L).
_dರಾವ್ (ಹೆಚ್ ಬಿ ಎಲ್ )
_9240739
245 _aMandara. rasarushi Damodara Mandechchara samsmarana grantha.
_b ಮಂದಾರ. ರಸರುಷಿ ದಾಮೋದರ ಮಂಡೇಚ್ಚರ ಸಂಸ್ಮರಣ ಗ್ರಂಥಾ
260 _aMumbayi.
_bPadavidhara Yakshagana Samiti.,
_c1986
300 _a22,183
650 _aDamodara Mundechcha
_9240740
690 _aYakshagana
_9240741
906 _a039048
942 _2ddc
_cBK
999 _c89164
_d89164